| 000 | 00878nam a22002297a 4500 | ||
|---|---|---|---|
| 999 |
_c3345 _d3345 |
||
| 003 | AR-CdUCM | ||
| 008 | 190306b ||||| |||| 00| 0 spa d | ||
| 040 |
_aMUNICIPALIDAD PROVINCIAL DEL CUSCO _cBIBLIOTECA MUNICIPAL DEL CUSCO |
||
| 082 |
_a335.41 / _bB743 |
||
| 100 |
_aBose, Arun _911092 |
||
| 245 | _aEconomía política marxista y postmarxista / | ||
| 260 |
_aMadrid : _bAlianza Universal, _c1976. |
||
| 300 |
_a339 páginas ; _c20 cm. |
||
| 440 |
_aCurso de economía moderna Penguin Alianza _911093 |
||
| 505 | _aTeorías alternativas de la explotación capitalista -- Problemas de las economías capitalistas y socialistas contemporáneas -- Teorías marxistas y postmarxistas... | ||
| 650 |
_aTeorías marxistas. _911094 |
||
| 650 |
_acapitalismo. _93221 |
||
| 650 |
_asocialismo. _94183 |
||
| 650 |
_aMarx. _94291 |
||
| 942 |
_2ddc _cLIBROS |
||
| 945 |
_awfj _d2019-03-06 |
||